000 00390nam a2200145Ia 4500
008 100415s9999 xx 000 0 und d
082 _b19498
_a1991
100 _aReedy,A.N
245 _aDevelopment, Energy & Environment
260 _aPUNE
_c1991
_bPARISAR
365 _b20
630 _aDevelopment, Energy & Environment
730 _aDevelopment, Energy & Environment
942 _cBOOK
999 _c602395
_d602392